000
00204 a2200097 4500
001
10894
100
_a
J. M. A. Nasr
245
_a
The Tijaniyga
260
_a
_b
Oxford University
_c
090
_c
8467
_d
8467
942
_a
NUST-CAE
_c
M
_c
35230
999
_c
245967
_d
245967